000
00252nam a2200109Ia 4500
008
190216s9999||||xx |||||||||||||| ||und||
100
_a
Panikkar.K K
245
0
_a
Banking Theory And Systems
260
_b
Kalyani Pub
_c
1982
300
_a
468p
942
_c
BK
999
_c
5002
_d
5002